00390nam a2200109Ia 450000500170000000800410001710000240005824501060008226000570018830000110024565000240025620260328104256.0260328s9999||||xx |||||||||||||| ||und|| aRamírez, Cecilia  0aExperiencia del Proceso de Diseño del aula a la praxis y de la praxis al aula. /cCecilia Ramírez bUniversidad Pedagógica y Tecnológica de Colombia a174 p. aDISEÑO INDUSTRIAL